Candide, Micromégas et autres contes
Guardado en:
| Hovedforfatter: | |
|---|---|
| Format: | Bog |
| Sprog: | Undetermined |
| Udgivet: |
Francia
Nathan
1997
|
| Fag: | |
| Tags: |
Tilføj Tag
Ingen Tags, Vær først til at tagge denne postø!
|
MARC
| LEADER | 00000nam a2200000Ia 4500 | ||
|---|---|---|---|
| 008 | 170316s9999 xx 000 0 und d | ||
| 040 | |a cru BVZT | ||
| 090 | |a 840 V-14ca | ||
| 100 | |a Voltaire | ||
| 245 | |a Candide, Micromégas et autres contes | ||
| 260 | |a Francia | ||
| 260 | |b Nathan | ||
| 260 | |c 1997 | ||
| 300 | |a 224 páginas | ||
| 650 | |a LITERATURA FRANCESA | ||
| 999 | |c 8046 |d 8046 | ||
| 942 | |c 15 D |h 840 V-14ca |2 z | ||
